00557nam a22001337a 4500999001700000008004100017050002100058100002400079245018200103260004500285300002700330650003300357942003300390 c19210d19210170114b xxu||||| |||| 00| 0 eng d aNC 730 .Z38 1961 aZaidenberg, Arthur. aNew encyclopedia of drawing , painting, and graphic art :ba complete fundamental book of instruction for hobbyists, art student, and professional artists/cArthur Zaidenberg. aNewYork :bA.s. Barnes & Company,c1961. a222p. :bill. ;c26cm. aDrawingxstudy and teaching. 2lcccBOOKShNC 730 .Z38 1961